Les Grands Peintres - Statistiques

Statistiques générales
  • Ce quiz a été pris 267 fois
  • Le résultat moyen est 10 sur 17
Statistiques - réponses
Œuvre Peintre % Correct
La Joconde Léonard de Vinci
98%
Les Nymphéas Claude Monet
89%
Le Cri Edvard Munch
85%
Le Déjeuner sur l'Herbe Édouard Manet
84%
Le Radeau de la Méduse Théodore Géricault
77%
La Naissance de Vénus Sandro Botticelli
71%
La Persistance de la Mémoire Salvador Dalì
67%
l'Église d'Auvers-sur-Oise Vincent Van Gogh
65%
Le Baiser Gustav Klimt
64%
Le Déjeuner des Canotiers Auguste Renoir
63%
La Ronde de Nuit (Le Nom du Peintre suffira.) Rembrandt
58%
Les Époux Arnolfini Jan Van Eyck
42%
Les Ménines Diego Velazquez
38%
Portrait de la Reine Marie-Antoinette d'Autriche Élisabeth Vigée Le Brun
25%
Self Portrait avec des Singes Frida Kahlo
21%
Louis XIV en Costume de Sacre Hyacinthe Rigaud
16%
Automne à Éragny Camille Pissarro
13%
Aucun quiz correspondant
Distribution des résultats
% des personnes avec chaque résultat
Percentile par nombre de réponses
Votre historique - résultats
Vous n’avez pas pris ce quiz